Ricostruisci la Carriera del Calciatore - Takumi Minamino - Statistics

Statistiche generali
  • Questo quiz è stato fatto 3 volte
  • Il punteggio medio è 2 su 6
Statistiche sulle risposte
Hint Risposta % Corretto
2012-2015 Cerezo Osaka
100%
2021-2022 Liverpool
33%
2015-2020 Salisburgo
33%
2020-2021 Liverpool
0%
2022- Monaco
0%
2021 Southampton
0%
Nessun quiz corrispondente trovato
Distribuzione punteggi
Percentuale di utenti per punteggio
Percentile per numero di risposta
I tuoi punteggi nel tempo
Non hai fatto questo quiz